00846nam a2200205Ia 4500952014800000952015100148999001700299003000400316005001700320008004100337020001800378040000900396082001800405100002600423245008600449260003400535300000900569650002000578942004200598 00102ddc40708HISTORYaMESbMEScISLd2019-02-20g140.00l1o956.94 SHO/Sp38762r2021-09-28 00:00:00s2021-09-14t1w2019-02-20yBKzGL44R4 00102ddc40708HISTORYaMESbMEScISLd2019-02-20g140.00l2m1o956.94 SHO/Sp39305r2023-07-12 09:32:01s2023-06-27t2w2019-02-20yBKzGL44R4 c23412d23412OSt20200226110453.0190216s9999||||xx |||||||||||||| ||und|| a9789380081007 coclc a956.94bSHO/S aShoeman, Ralph 91932 0aSayanisam Olichuvecha Charithram = The hidden history of Zionism /cRalph Shoeman bOther Books,c2014.aCalicut: a208p xIslamic History cBK2ddch956.94iSHO/Sk956.94mSHO/S